Eighth congress of the universities of the commonwealth 1958: (Record no. 21580)
[ view plain ]
| 000 -LEADER | |
|---|---|
| fixed length control field | 00559nam a22001337a 4500 |
| 008 - FIXED-LENGTH DATA ELEMENTS--GENERAL INFORMATION | |
| fixed length control field | 230420b |||||||| |||| 00| 0 eng d |
| 040 ## - CATALOGING SOURCE | |
| Original cataloging agency | National Science Library |
| Transcribing agency | National Science Library |
| 080 ## - UNIVERSAL DECIMAL CLASSIFICATION NUMBER | |
| Universal Decimal Classification number | 378.4(41-44)(063) |
| Item number | Com |
| 245 ## - TITLE STATEMENT | |
| Title | Eighth congress of the universities of the commonwealth 1958: |
| Remainder of title | Report of proceedings |
| Statement of responsibility, etc. | / The Association of the Universities of the British Commonwealth |
| 260 ## - PUBLICATION, DISTRIBUTION, ETC. | |
| Place of publication, distribution, etc. | London: |
| Name of publisher, distributor, etc. | The Association of the Universities of the British Commonwealth, |
| Date of publication, distribution, etc. | 1959 |
| 300 ## - PHYSICAL DESCRIPTION | |
| Extent | 99p. |
| 653 ## - INDEX TERM--UNCONTROLLED | |
| Uncontrolled term | Commonwealth |
| 942 ## - ADDED ENTRY ELEMENTS (KOHA) | |
| Source of classification or shelving scheme | Universal Decimal Classification |
| Koha item type | Proceedings |
| Withdrawn status | Lost status | Source of classification or shelving scheme | Damaged status | Not for loan | Home library | Current library | Shelving location | Date acquired | Total Checkouts | Full call number | Barcode | Date last seen | Price effective from | Koha item type |
|---|---|---|---|---|---|---|---|---|---|---|---|---|---|---|
| Universal Decimal Classification | National Science Library | National Science Library | GF/Rk-5/C-13/R-4 | 05/05/1964 | 378.4(41-44)(063) Com | 4738 | 20/04/2023 | 05/05/1964 | Proceedings |